Loading...
| Philosophy | 0 | 5 | 0 | 1 | 50 | 84 | 98.00 | 2 | 5 | 4.60 | 46.88 |
| Literature - British | 0 | 5 | 1 | 0 | 45 | 45 | 92.00 | 3 | 5 | 9.20 | 40.00 |
| History - European | 0 | 4 | 0 | 1 | 40 | 50 | 70.75 | 0 | 4 | 13.07 | 22.50 |
| Fine Arts - Painting and Sculpture | 0 | 4 | 0 | 1 | 40 | 96 | 105.00 | 2 | 4 | 3.41 | 27.50 |
| Mythology | 0 | 3 | 0 | 0 | 30 | 74 | 75.33 | 3 | 3 | 9.19 | 27.50 |
| History - Other | 0 | 3 | 0 | 1 | 30 | 10 | 46.67 | 2 | 3 | 17.10 | 27.50 |
| Fine Arts - Other | 0 | 3 | 1 | 0 | 25 | 85 | 104.00 | 1 | 3 | 4.84 | 20.00 |
| Science - Biology | 0 | 3 | 1 | 0 | 25 | 46 | 53.67 | 3 | 3 | 14.47 | 22.50 |
| Religion | 0 | 3 | 1 | 0 | 25 | 52 | 83.67 | 1 | 3 | 7.42 | 22.50 |
| History - World | 0 | 2 | 0 | 0 | 20 | 25 | 38.00 | 1 | 2 | 13.01 | 17.50 |
| Social Science | 0 | 2 | 0 | 0 | 20 | 58 | 68.00 | 0 | 1 | 7.92 | 14.29 |
| Science - Physics | 0 | 2 | 0 | 2 | 20 | 85 | 95.00 | 0 | 1 | 1.67 | 7.50 |
| Fine Arts - Classical Music | 0 | 2 | 1 | 1 | 15 | 110 | 113.00 | 0 | 2 | 0.17 | 10.00 |
| Literature - World | 0 | 2 | 1 | 0 | 15 | 101 | 110.50 | 0 | 2 | 1.22 | 15.00 |
| Science - Chemistry | 0 | 1 | 0 | 0 | 10 | 100 | 100.00 | 0 | 1 | 0.00 | 5.00 |
| Literature - American | 0 | 1 | 0 | 0 | 10 | 109 | 109.00 | 0 | 1 | 0.35 | 5.00 |
| Popular Culture | 0 | 1 | 0 | 0 | 10 | 89 | 89.00 | 1 | 1 | 3.18 | 16.67 |
| History - American | 0 | 1 | 0 | 0 | 10 | 57 | 57.00 | 1 | 1 | 4.67 | 10.00 |
| Geography | 0 | 1 | 1 | 0 | 5 | 13 | 13.00 | 1 | 1 | 17.70 | 20.00 |
| Literature - European | 0 | 0 | 1 | 0 | -5 | 0.00 | 0 | 0 | 0.00 | 0.00 | |
| Science - Other | 0 | 0 | 1 | 0 | -5 | 0.00 | 0 | 0 | 0.00 | 0.00 |